ر م جھم نو ر ا نی (Record no. 188323)

MARC details
000 -LEADER
fixed length control field 00657nam a22001937a 4500
005 - DATE AND TIME OF LATEST TRANSACTION
control field 20220518164820.0
010 ## - LCCN (DPL NO)
LC control number UR-11565
020 ## - INTERNATIONAL STANDARD BOOK NUMBER
Terms of availability 300.00
International Standard Book Number 9788194178385
035 ## - SYSTEM CONTROL NUMBER
System control number U-10120
037 ## - SOURCE OF ACQUISITION
Source of stock number/acquisition DBAD/PUB
Stock number -
082 ## - DEWEY DECIMAL CLASSIFICATION NUMBER
Classification number 841
Edition number Ist
100 ## - MAIN ENTRY--PERSONAL NAME
Personal name ا نو ر سليم
245 ## - TITLE STATEMENT
Title ر م جھم نو ر ا نی
Statement of responsibility, etc ا نو ر سليم
Medium ا ر د و
246 ## - VARYING FORM OF TITLE
Remainder of title Rim Jhim Noorani (Urdu)
Title proper/short title by Anwar Saleem
260 ## - PUBLICATION, DISTRIBUTION, ETC. (IMPRINT)
Place of publication, distribution, etc Tilangana
Name of publisher, distributor, etc Al-Ansar Publications
Date of publication, distribution, etc 2019 ء
270 ## - ADDRESS
Address # 18-8-253/36/A,Jamal Colony,Riyasat Nagar,
City Hyderabad
Postal code 500059
Telephone number 09391301192
Fax number -
300 ## - PHYSICAL DESCRIPTION
Extent 192 ص
Dimensions 22 Cm(Hb)
942 ## - ADDED ENTRY ELEMENTS (KOHA)
Source of classification or shelving scheme Dewey Decimal Classification
Item type Urdu Bks
Classification part 841
Call number suffix ا ن و
Holdings
Withdrawn status Lost status Not for loan Collection code Home library Current library Date acquired Source of acquisition Cost, normal purchase price Full call number Barcode Copy number Cost, replacement price Koha item type
    Not For Loan Non-fiction D.B.Act.Division Central Library 18/05/2022 DBAD/PUB 300.00 841 ا ن و U-10120 1 300.00 Urdu Bks

© Delhi Public Library
Hit Counter
free hit counter